Problemas de la coyuntura internacional para Nicaragua
Guardado en:
| 格式: | Texto |
|---|---|
| 主題: | |
| 標簽: |
添加標簽
沒有標簽, 成為第一個標記此記錄!
|
MARC
| LEADER | 00000 a a2200000 04500 | ||
|---|---|---|---|
| 001 | 18049 | ||
| 003 | |||
| 040 | |||
| 245 | |a Problemas de la coyuntura internacional para Nicaragua | ||
| 650 | |a RELACIONES INTERNACIONALES | ||
| 650 | |a ECONOMIA | ||
| 650 | |a POLITICA | ||
| 650 | |a CLASE OBRERA | ||
| 650 | |a NICARAGUA | ||
| 773 | |g volumen 5, número 19; páginas 223-224 | ||
| 999 | |c 20278 |d 20278 | ||
| 773 | 0 | |0 42391 |9 3901 |a Agencia Latinoamericana de Información, ALAI |d Quito, Ecuador: ALAI |o 04422 |t ALAI: |x 08275564 (Servicio mensual de información y documentación) | |
